Normal view
MARC view
- DANIYAL,ALI,USAMA,OSAMA
Entry Personal Name
001 - CONTROL NUMBER
- control field: 71917
003 - CONTROL NUMBER IDENTIFIER
- control field: NUST
005 - DATE AND TIME OF LATEST TRANSACTION
- control field: 20210628204718.0
008 - FIXED-LENGTH DATA ELEMENTS
- fixed length control field: 210628|| aca||aabn | a|a d
040 ## - CATALOGING SOURCE
- Original cataloging agency: NUST
- Transcribing agency: NUST
100 ## - HEADING--PERSONAL NAME
- Personal name: DANIYAL,ALI,USAMA,OSAMA
670 ## - SOURCE DATA FOUND
- Source citation: Work cat.: (NUST): DANIYAL,ALI,USAMA,OSAMA, PR-SOF-1392-SMARTSTETH, 2014
